000
00290nam a2200121Ia 4500
008
260210s9999 xx 000 0 und d
020
_a
9780955432224
100
_a
SIMON WORTHINGTON
245
0
_a
MUTE MAGAZINE GRAPHIC DESIGN
260
_b
EIGHT BOOKS
260
_c
2015
942
_c
BDES
999
_c
14066
_d
14066